000 00349nam a22001217a 4500
082 _a220 PRO
100 _aMOEEZ, HAMZA, DR MUHAMMAD SALMAN
_971594
245 _aPR-SOF-1341-ATTITUDE AND HEADING REFERENCE SYSTEM (AHRS)
260 _aISLAMABAD
_bNUST COLLEGE OF EME
_c2014
650 _aDE-ELECT-32
_971595
700 _aDR FAHAD
_971596
942 _cCR
999 _c578027
_d578027